|
|
|
|
| LEADER |
00000nab a2200000 ar4500 |
| 001 |
vtls011700782 |
| 003 |
SK-MaSNL |
| 005 |
20260305041343.0 |
| 008 |
170706c2017 xo wr|p|||||||000 b|slo |
| 038 |
|
|
|a PPPK
|
| 040 |
|
|
|a PPPKCL
|b slo
|c PPPKCL
|e AACR2
|
| 041 |
0 |
|
|a slo
|
| 044 |
|
|
|a xo
|c SK
|
| 080 |
|
|
|a 796.332
|2 2011
|
| 080 |
|
|
|a 796.332:061
|2 2011
|
| 245 |
0 |
0 |
|a Stanislav Šesták: Zažívam tu žičlivé prostredie
|c [text] (mdc, mik) ; [Snímka] mik
|
| 300 |
|
|
|b Fotogr.
|
| 600 |
1 |
7 |
|a Šesták, Stanislav,
|d 1982-
|2 pppkcl
|9 112584
|
| 610 |
2 |
7 |
|a FK Poprad
|2 pppkcl
|9 40050
|
| 650 |
0 |
7 |
|a futbal
|2 pppkcl
|9 3291
|
| 650 |
0 |
7 |
|a futbalové kluby
|2 pppkcl
|9 70395
|
| 650 |
0 |
7 |
|a sezóna 2016/2017
|2 pppkcl
|9 1086938
|
| 650 |
0 |
7 |
|a rodáci
|2 pppkcl
|9 30842
|
| 650 |
0 |
7 |
|a šport
|2 pppkcl
|9 1042
|
| 651 |
|
7 |
|a Demjata (Slovensko)
|2 pppkcl
|9 51775
|
| 651 |
|
7 |
|a Prešov (Slovensko : okres)
|2 pppkcl
|9 28797
|
| 651 |
|
7 |
|a Poprad (Slovensko)
|2 pppkcl
|9 20155
|
| 773 |
0 |
|
|t Podtatranské noviny
|g Roč. LVII, č. 25 (2017), s. 7
|x 1210-2423
|
| 852 |
|
|
|a PPPK
|b KIS3GCP
|
| 999 |
|
|
|c 3343349
|d 3345279
|